00451nam a2200181 a 450000100060000000300090000600800410001502000150005604000280007108200100009910000190010924500220012826000300015030000100018049000220019065000340021265000230024617674CO-ViMGA141112s2004 ck r 000 u spa d a9580449066 aCO-ViMGAbspacCO-ViMGA04aDACqu1 aDa Coll, Ivar 10a¿Quien ha visto? aBogotá, cNorma, c1999 a11.p. aTorre de cartón14aANIMALES - CUENTOS INFANTILES14aCUENTOS INFANTILES